00297nam a2200121Ia 4500008004100000082001700041100001800058245002500076250001200101260003700113300000900150650001600159191201s2008 xx 000 0 und d a621.313bBIE aBIMBHRA, P.S. 0aElectrical Machinery a7th Rep aN. DelhibKhanna Publisherc2008 a1060 aB.Tech(ECE)